The Students Companion (Record no. 4649)

MARC details
000 -LEADER
fixed length control field 00392nam a22001697a 4500
005 - DATE AND TIME OF LATEST TRANSACTION
control field 20160629123131.0
008 - FIXED-LENGTH DATA ELEMENTS--GENERAL INFORMATION
fixed length control field 160629b xxu||||| |||| 00| 0 eng d
020 ## - INTERNATIONAL STANDARD BOOK NUMBER
ISBN 81-7223-177-6
041 ## - LANGUAGE CODE
Language code of text/sound track or separate title eng
082 ## - DEWEY DECIMAL CLASSIFICATION NUMBER
Item number 10817
100 ## - MAIN ENTRY--AUTHOR NAME
Personal name Best, Wilfred D
245 ## - TITLE STATEMENT
Title The Students Companion
260 ## - PUBLICATION, DISTRIBUTION, ETC. (IMPRINT)
Name of publisher Harper Collins
Year of publication 2004
300 ## - PHYSICAL DESCRIPTION
Number of Pages 160
650 ## - SUBJECT ADDED ENTRY--TOPICAL TERM
Topical Term Management
942 ## - ADDED ENTRY ELEMENTS (KOHA)
Koha item type Books
Holdings
Lost status Damaged status Home library Date acquired Cost, normal purchase price Full call number Accession Number Koha item type
    JRU Library 29/06/2016 95.00 10817 10817 Books